Влияние размера магнитных наночастиц в составе таргетных наноматериалов на цитотоксичность; Перспективы развития фундаментальных наук; Т. 4 : Биология и фундаментальная медицина

গ্রন্থ-পঞ্জীর বিবরন
Parent link:Перспективы развития фундаментальных наук=Prospects of Fundamental Sciences Development: сборник научных трудов XV Международной конференции студентов, аспирантов и молодых ученых, г. Томск, 24-27 апреля 2018 г./ Национальный исследовательский Томский политехнический университет (ТПУ) ; под ред. И. А. Курзиной, Г. А. Вороновой.— , 2018
Т. 4 : Биология и фундаментальная медицина.— 2018.— [С. 48-50]
প্রধান লেখক: Захарова А. А.
সংস্থা লেখক: Национальный исследовательский Томский политехнический университет Исследовательская школа химических и биомедицинских технологий (ИШХБМТ), Сибирский государственный медицинский университет (СибГМУ), Национальный исследовательский технологический университет "МИСиС"
অন্যান্য লেখক: Брикунов О. Я. (научный руководитель), Низамов Т. Р., Першина А. Г. Александра Геннадьевна
সংক্ষিপ্ত:Заглавие с экрана
The size and shape of the nanoparticles have a great influence on cytotoxicity, capture efficiency by cells and biodistribution. We investigated cytotoxicity of targeted nanomaterial based on various-sized magnetic iron oxide nanoparticles. In in vitro experiments it was shown that nanoparticles size play a crucial role in cytotoxicity and cell uptake.
ভাষা:রুশ
প্রকাশিত: 2018
বিষয়গুলি:
অনলাইন ব্যবহার করুন:http://earchive.tpu.ru/handle/11683/50878
বিন্যাস: বৈদ্যুতিক গ্রন্থের অধ্যায়
KOHA link:https://koha.lib.tpu.ru/cgi-bin/koha/opac-detail.pl?biblionumber=627645

MARC

LEADER 00000naa2a2200000 4500
001 627645
005 20231102024304.0
035 |a (RuTPU)RU\TPU\conf\27590 
035 |a RU\TPU\conf\27588 
090 |a 627645 
100 |a 20180918d2018 k y0rusy50 ca 
101 0 |a rus  |d eng 
102 |a RU 
105 |a y z 100zy 
135 |a drgn ---uucaa 
181 0 |a i  
182 0 |a b 
200 1 |a Влияние размера магнитных наночастиц в составе таргетных наноматериалов на цитотоксичность  |d Size effect of magnetic nanoparticle in targeted nanomaterials on cytotoxicity  |f А. А. Захарова, О. Я. Брикунов, Т. Р. Низамов  |g науч. рук. А. Г. Першина 
203 |a Текст  |c электронный 
230 |a 1 компьютерный файл (pdf; 196 Kb) 
300 |a Заглавие с экрана 
320 |a [Библиогр.: с. 50 (3 назв.)] 
330 |a The size and shape of the nanoparticles have a great influence on cytotoxicity, capture efficiency by cells and biodistribution. We investigated cytotoxicity of targeted nanomaterial based on various-sized magnetic iron oxide nanoparticles. In in vitro experiments it was shown that nanoparticles size play a crucial role in cytotoxicity and cell uptake. 
461 1 |0 (RuTPU)RU\TPU\conf\26928  |t Перспективы развития фундаментальных наук  |l Prospects of Fundamental Sciences Development  |o сборник научных трудов XV Международной конференции студентов, аспирантов и молодых ученых, г. Томск, 24-27 апреля 2018 г.  |o в 7 т.  |f Национальный исследовательский Томский политехнический университет (ТПУ) ; под ред. И. А. Курзиной, Г. А. Вороновой  |d 2018 
463 1 |0 (RuTPU)RU\TPU\conf\26932  |t Т. 4 : Биология и фундаментальная медицина  |v [С. 48-50]  |d 2018 
510 1 |a Size effect of magnetic nanoparticle in targeted nanomaterials on cytotoxicity  |z eng 
610 1 |a электронный ресурс 
610 1 |a труды учёных ТПУ 
610 1 |a магнитные наночастицы 
610 1 |a наноматериалы 
610 1 |a цитотоксичность 
610 1 |a размеры 
610 1 |a оксид железа 
700 1 |a Захарова  |b А. А. 
701 1 |a Брикунов  |b О. Я. 
701 1 |a Низамов  |b Т. Р. 
702 1 |a Першина  |b А. Г.  |c биолог  |c доцент Томского политехнического университета, кандидат биологических наук  |f 1981-  |g Александра Геннадьевна  |2 stltpush  |4 727 
712 0 2 |a Национальный исследовательский Томский политехнический университет  |b Исследовательская школа химических и биомедицинских технологий (ИШХБМТ)  |c (2017- )  |h 8120  |2 stltpush  |3 (RuTPU)RU\TPU\col\23537 
712 0 2 |a Сибирский государственный медицинский университет (СибГМУ)  |c (Томск)  |c (1992- )  |2 stltpush  |3 (RuTPU)RU\TPU\col\1642 
712 0 2 |a Национальный исследовательский технологический университет "МИСиС"  |c (Москва)  |c (2008- )  |2 stltpush  |3 (RuTPU)RU\TPU\col\17156  |9 26541 
801 2 |a RU  |b 63413507  |c 20181008  |g RCR 
856 4 |u http://earchive.tpu.ru/handle/11683/50878 
942 |c BK